Introduction to crop ecology
Đã lưu trong:
| 主要作者: | |
|---|---|
| 格式: | 图书 |
| 语言: | Undetermined |
| 出版: |
Wageningen
Department of Theoretical Production Ecology
1990
|
| 主题: | |
| 标签: |
添加标签
没有标签, 成为第一个标记此记录!
|
| Thư viện lưu trữ: | Trung tâm Học liệu Trường Đại học Cần Thơ |
|---|
| LEADER | 00517nam a2200181Ia 4500 | ||
|---|---|---|---|
| 001 | CTU_30142 | ||
| 008 | 210402s9999 xx 000 0 und d | ||
| 082 | |a 631 | ||
| 082 | |b K93 | ||
| 100 | |a M J Kropff | ||
| 245 | 0 | |a Introduction to crop ecology | |
| 245 | 0 | |c M J Kropff, C C T Spitters | |
| 260 | |a Wageningen | ||
| 260 | |b Department of Theoretical Production Ecology | ||
| 260 | |c 1990 | ||
| 650 | |a agriculture - ecology | ||
| 904 | |i Liên, 990308 | ||
| 980 | |a Trung tâm Học liệu Trường Đại học Cần Thơ | ||